Quizzes
Events
Quiz Creation
Community
Videos
Private Events
Remove Ads
Sign In
Join for FREE
Feedback
Dark Mode
Quiz Categories
Sports
Geography
Music
Movies
Television
Just For Fun
Miscellaneous
History
Literature
Language
Science
Gaming
Entertainment
Religion
Holiday
For Kids
Quiz Lab
Recent
Popular Today
Quiz Kudos Today
Editor Picks
Curator Picks
Quizzes by...
Day
Popularity
Type
Ratings
Length
Year
Community
Subscriptions
Recent Discussions
Orange Saloon
Badges
Playlists
Quests
Create
Leaderboards
Showdown
Live 5
Trivia Bingo
Activity
Puzzle Library
Sporcle Events
Private Events
Virtual Trivia
Globe League
Become a Host
Pub Owners
SporcleCon
Opinionation
Our Games
Videos
Blog
Mobile Apps
Partnerships
Remove Ads and Go Orange
Feedback
Holiday
Halloween
Christmas
Holiday Songs
April Fools'
Thanksgiving
Valentine's Day
Easter
St Patrick's Day
National Holiday
Religious Holiday
Holiday
Halloween
Christmas
Holiday Songs
April Fools'
Thanksgiving
Valentine's Day
Easter
St Patrick's Day
National Holiday
Religious Holiday
Random Quiz
Search Sporcle
×
Quiz Lab
Quiz Lab
Holiday
State
Type in answers that appear in a list
Type in answers that appear in a list
Classic
Best Score? Go Orange.
Green College Honor Roll for 2011 Stats
Can you name the 18 colleges and universities on The Princeton Review's 2011 Green Honor Roll?
By
RecycleNazi
10m
18 Questions
27 Plays
27 Plays
27 Plays
Comments
Comments
Give Quiz Kudos
Give Quiz Kudos
-
- Ratings
hide this ad
More Info
Replay
Link that replays current quiz
Next Quiz
Link to next quiz in quiz playlist
You Got
0%
They Got
Avg Score
26%
Avg Friend Score
Upgrade to see
Score Distribution
Jump to the score distribution portion of the page
Score
0/18
Timer
10:00
0
Plays Today
State
College/University
% Correct
Massachusetts
Harvard College
77.8%
Connecticut
Yale University
77.8%
Arizona
Arizona State University
59.3%
Georgia
Georgia Institute of Technology
51.9%
West Virginia
West Virginia University
51.9%
Maine
University of Maine
40.7%
California
University of California-Santa Barbara
25.9%
California
University of California-Santa Cruz
22.2%
Washington
Evergreen State College
14.8%
State
College/University
% Correct
Massachusetts
Northeastern University
14.8%
Georgia
University of Georgia
11.1%
New York
State University of New York at Binghamton
7.4%
California
University of California-Berkely
7.4%
Maine
College of the Atlantic
3.7%
Maryland
University of Maryland-College Park
3.7%
North Carolina
Warren Wilson College
3.7%
Wisconsin
Northland College
0%
Maine
Unity College
0%
Quiz Playlist
Details
Report
Send in Message
Add To Playlist
More Info:
We salute the following 18 colleges that received a Green Rating of 99 (the highest score) in our rating tallies this year. Happy Earth Day!
Classic:
Type in answers that appear in a list
Quiz Source
Last Updated: Feb 16, 2017
Quiz Scoreboard
CHALLENGE
Sign Up to Join the Scoreboard
Show All
Scores
Hide
Comments
May contain spoilers
Recently Published
Billboard Blitz: Fleetwood Mac
by CooCooCachoo
Music
15s
Presidents Visiting Landmarks
by Hejman
History
7m
An Introduction to Baseball
by treessimontrees
Sports
5m
More to Explore
Quiz From the Vault
Featured Blog Post
Where Did the Easter Bunny Come From?
hide this ad
You Might Also Like...
Tags
College Quiz
State Quiz
University Quiz
2011
earth
green
highlight
honor
princeton
Review
roll
Today's Top Quizzes in Holiday
Browse Holiday
hide this ad
Today's Top Quizzes in State
Browse State
Top Contributed Quizzes in Holiday
1
5-to-1: Holiday Songs
2
5-to-1: Thanksgiving
3
Easter - Did You Know?
4
Word Ladder: Four Leaf Clover
5
Show What You Know: US Federal Holidays
6
Slices of Holidays
7
Holidays Spelling Bee
8
The Holiday Category, A to Z
9
3-per Word Ladder: Listen Up!
10
Entertaining Easter Eggs
Explore More
Trending Topics
Anime
NBA
Kpop
Disney
Crossword
Marvel
Harry Potter
WWE
The Office
NFL
Puzzle
Soccer
Song
Pokémon
Country
hide this ad
More By:
RecycleNazi
Quiz
Plays
Rating
Category
Featured
Created
Animated Disney Movies by Famous Feline (Pics)
3,490
4.12
Movies
Apr 27, 2011
Animated Disney Movies by Popular Pooch (Pics)
3,256
4.35
Movies
Apr 27, 2011
Oceans and Seas Map Quiz (Extensive)
2,582
3.55
Geography
Apr 28, 2011
Famous Law and Order SVU Guest Stars
1,306
3.30
Television
Apr 24, 2011
Jumanji Horrors by Riddle
1,045
4.57
Movies
May 18, 2012
Go to Creator's Profile
Score Distribution
Quiz Creator Spotlight
RecycleNazi
Follow
Send a Message
Quizzes Created
-
Created Quiz Play Count
-
More By This Creator
Popular Quizzes Today
1
Find the US States - No Outlines Minefield
2
Find the Countries of Europe - No Outlines Minefield
3
The Countries of the World
4
Find the US States
5
US States
6
Popular People in 1961
7
Risky Map Clicking: Biggest States A-Z
8
Movies - When Are They Set?
More Holiday Quizzes
American Treasure Hunt
Editor's Pick
Trending Quizzes
Risky Map Clicking: Least Populous States A-Z
1-10 Letter G Words
1-10 Letter F Words
Risky Map Clicking: Next State Alphabetically
Risky Map Clicking: Biggest States A-Z
Recently Updated
Leaping Animals
pecheneg
Reality TV Shows (A-Z)
bhenderson79
Rickey Henderson's Hall of Fame Teammates
pecheneg
Champions League XIs: Arsenal
pecheneg
Quick Pick: Celebrities in WWE's Hall of Fame
aduchscher
A-Z Keypad Blitz II
pecheneg
Multiple Oscar Actors
pecheneg
Mystery Phrase Blitz: Oscar 'Best Actors'
pecheneg
F. Scott Fitzgerald Novels
LTH
Pick 3 Villains
ddd62291
Trending Topics
NBA
Crossword
Disney
Marvel
Harry Potter
Anime
Kpop
Song
Soccer
WWE
Pokémon
Puzzle
NFL
Country
The Office
Your Account Isn't Verified!
In order to create a playlist on Sporcle, you need to verify the email address you used during registration. Go to your
Sporcle Settings
to finish the process.
Report this User
Report this user for behavior that violates our
Community Guidelines
.
Details:
Send Report
Go to the Sporcle.com Mobile Site →
Comments